| 000 | 00520nam a22001937a 4500 | ||
|---|---|---|---|
| 003 | OSt | ||
| 005 | 20140310184519.0 | ||
| 008 | 131016t xxu||||| |||| 00| 0 eng d | ||
| 020 | _a9780590934251 | ||
| 050 |
_aPZ 7 _b.D199Ab 1996 |
||
| 100 |
_aDanziger; Paula _94178 |
||
| 245 |
_aAmber Brown : _bgoes fourth / _cPaula Danziger |
||
| 260 |
_ald Greenwich, CT : _b Listening Library, _c1996. |
||
| 300 |
_a101 p : _bill. ; _c21 cm. |
||
| 521 | _aG4 | ||
| 526 | _c630 | ||
| 942 |
_2lcc _cBK-SCHOLAS |
||
| 999 |
_c34999 _d34999 |
||